000 00710nam a2200229Ii 4500
003 JO-AjNU
008 230605s9999||||xx |||||||||||||| ||und||
017 _a1974/2786
040 _aJO-AjNU
_bara
_erda
_cJO-AjNU
041 _aara
050 1 4 _aQ175 .R85 1974
100 3 _aلبيب، رشدي,
_eauthor
_917236
245 0 0 _aنمو المفاهيم العلمية
250 _aد.ط
264 3 1 _aالقاهرة: مكتبة الانجلو المصرية، 1974
300 _a94ص
336 _atext
_btxt
_2rdacontent
337 _aunmediated
_bn
_2rdamedia
338 _avolume
_bnc
_2rdacarrier
490 0 _aبحوث في تدريس العلوم1
650 4 _aعلوم طبيعية - بحث
_917237
999 _aA5282
_c8850
_d8850